000 00496nam a22001337a 4500
008 161205b xxu||||| |||| 00| 0 eng d
050 _aHN49.C6 A185
245 _aSowing our seeds: strengthening citizen participation in local decision-making
_c/ ACPD-Bookteam
260 _aCape Town
_bAfrica Community Publishing and Development Trust
_c2006
300 _a136p. ;
_c21cm.
440 _aCommunity Capacity Building Series
_927970
650 _aCommunity building
_927906
942 _2lcc
_cMONOGRAPH
999 _c125866
_d125866